00345nam a2200121Ia 4500008004100000041001200041082001600053100001700069245008300086260003300169300000800202650001300210221030s9999 xx 000 0 und d aEnglish a105.23bSah aS. K. Sahdev 0aText Book of Electrical Engineering for Electronics Engineerscby S. K. Sahdev bIndian Pub.aJalandharc1998 a360 aECE & EE